Biggest World Cities (A-Z by Last Letter) Beginning with W - Statistics

General Stats
  • This quiz has been taken 67 times
  • The average score is 7 of 26
Answer Stats
Country Starts Place Ends Population % Correct
Poland W Warsaw W 1.7m
94%
China W Wuhan N 9.8m
87%
USA (KS) W Wichita A 390k
81%
Canada (MB) W Winnipeg G 632k
81%
USA (TX) W Wichita Falls S 105k
79%
USA (TX) W Waco O 132k
64%
Canada (ON) W Windsor R 278k
51%
China W Wuxi I 3.5m
36%
China W Wenzhou U 866k
25%
UK (Eng) W Watford D 125k
21%
USA (MD) W Waldorf F 68k
17%
UK (Eng) W West Bromwich H 136k
9%
Germany W Wandsbek K 411k
2%
India W Warangal L 558k
2%
USA (MI) W West Bloomfield Township P 65k
2%
Palestine W Wadi Du'or Q <1k
0%
Poland W Walcz Z 25k
0%
India W Waliv V 15k
0%
South Africa W Welkom M 432k
0%
China W Wenshan City Y 450k
0%
USA (MS) W West Gulfport T 71k
0%
USA (CT) W Willimantic C 30k
0%
France W Wimereux X 11k
0%
Hungary W Woj J 3k
0%
Switzerland W Worb B 11k
0%
China W Wuxue E 221k
0%
No matching quizzes found
Score Distribution
Percent of People with Each Score
Percentile by Number Answered
Your Score History
You have not taken this quiz